[Event "Cutro op 09th"]
[Site "Cutro"]
[Date "2003.04.27"]
[Round "5"]
[White "Georgieva, Ljubka"]
[Black "Blasco, Domenico"]
[Result "1-0"]
[WhiteElo "2238"]
[BlackElo "2053"]
[PlyCount "61"]
[EventDate "2003.04.23"]
[EventType "swiss"]
[EventRounds "9"]
[EventCountry "ITA"]
[SourceTitle "EXT 2007"]
[Source "ChessBase"]
[SourceDate "2006.11.23"]
[SourceVersion "1"]
[SourceVersionDate "2006.11.23"]
[SourceQuality "1"]

1. e4 g6 2. d4 Bg7 3. Nc3 c6 4. Be3 d5 5. f3 dxe4 6. Nxe4 e5 7. dxe5 Qxd1+ 8. Rxd1 Bxe5 9. Nd6+ Bxd6 10. Rxd6 Ke7 11. Bc5 Nd7 12. Rxc6+ Ke8 13. Rc7 Kd8 14. Bd6 Ne7 15. Rc3 Nc6 16. Bc4 f6 17. Ne2 Nb6 18. Bb3 Bd7 19. Kf2 Rc8 20. Rd1 Na5 21. Bc5 Nxb3 22. cxb3 Re8 23. a4 Re5 24. Bd4 Rxc3 25. Bxc3 Re6 26. Nf4 Rc6 27. a5 Nc8 28. Nd5 f5 29. Be5 Rc5 30. Nf6 Rxe5 31. Rxd7# 1-0

[Event "Cutro op 09th"]
[Site "Cutro"]
[Date "2003.04.26"]
[Round "4"]
[White "Georgieva, Ljubka"]
[Black "Voiska, Margarita"]
[Result "1/2-1/2"]
[WhiteElo "2238"]
[BlackElo "2354"]
[PlyCount "27"]
[EventDate "2003.04.23"]
[EventType "swiss"]
[EventRounds "9"]
[EventCountry "ITA"]
[SourceTitle "EXT 2007"]
[Source "ChessBase"]
[SourceDate "2006.11.23"]
[SourceVersion "1"]
[SourceVersionDate "2006.11.23"]
[SourceQuality "1"]

1. e4 d6 2. d4 Nf6 3. Nc3 e5 4. Nf3 Nbd7 5. g3 Be7 6. Bg2 0-0 7. 0-0 c6 8. a4 b6 9. b3 Bb7 10. Bb2 Re8 11. Re1 a6 12. Qd2 Qc7 13. Rad1 Bf8 14. Nh4 1/2-1/2